|
|
|
|
| LEADER |
00000nab a2200000 a 4500 |
| 001 |
vtls001006306 |
| 003 |
SK-MaSNL |
| 005 |
20260303231836.0 |
| 008 |
040720e19990727xo 0 slo |
| 035 |
|
|
|a RV6906
|
| 040 |
|
|
|a RVGKPD
|b slo
|c RVGKPD
|e AACR2
|
| 041 |
0 |
|
|a slo
|
| 044 |
|
|
|a xo
|c SK
|
| 080 |
|
|
|a 622
|2 1981
|
| 100 |
0 |
|
|a (kay)
|4 aut
|9 850979
|
| 245 |
1 |
0 |
|a Silikáty môžu byť hospodárskou záchranou Gemera
|
| 500 |
|
|
|a spracovanie
|
| 650 |
0 |
7 |
|a silikáty
|2 RVGKPD
|9 51074
|
| 650 |
0 |
7 |
|a ťažba
|2 RVGKPD
|9 378587
|
| 651 |
|
7 |
|a Gemer (Slovensko : región)
|2 RVGKPD
|9 173411
|
| 651 |
|
7 |
|a Novohrad (Slovensko : región)
|2 RVGKPD
|9 169944
|
| 655 |
|
7 |
|a periodikum
|2 snkbucl
|9 29553
|
| 773 |
0 |
8 |
|t Zora Gemera
|g Roč. 7, č.30-31, 27.7.1999, s. 2
|
| 852 |
|
|
|a ZVYKNI
|b KIS3GCP
|
| 999 |
|
|
|c 2268913
|d 2270843
|